[Event "Bangkok Asian Games qual"]
[Site "Bangkok"]
[Date "2022.01.07"]
[Round "6"]
[White "Buakird, Apichit"]
[Black "Teerapabpaisit, Wisuwat"]
[Result "1/2-1/2"]
[WhiteElo "1983"]
[BlackElo "2117"]
[PlyCount "125"]
[EventDate "2022.01.04"]
[EventType "tourn"]
[EventRounds "9"]
[EventCountry "THA"]
[SourceTitle "EXT 2023"]
[Source "ChessBase"]
[SourceDate "2022.10.05"]
[SourceVersion "1"]
[SourceVersionDate "2022.10.05"]
[SourceQuality "1"]

1. e4 c5 2. Nf3 e6 3. d4 cxd4 4. Nxd4 a6 5. c4 Nf6 6. Nc3 Bb4 7. e5 Bxc3+ 8. bxc3 Qa5 9. exf6 Qxc3+ 10. Qd2 Qxa1 11. fxg7 Rg8 12. Be2 Nc6 13. Nxc6 bxc6 14. 0-0 Qxg7 15. Bf3 Qf6 16. Kh1 Rb8 17. Ba3 d5 18. Re1 Rg5 19. cxd5 cxd5 20. Bxd5 Rxd5 21. Qxd5 Qc3 22. Qe4 Qxa3 23. Rd1 Qc5 24. h4 h5 25. Qh7 Bd7 26. Qg8+ Qf8 27. Qxf8+ Kxf8 28. Rxd7 Rb2 29. Ra7 Rxa2 30. f3 Kg7 31. Kh2 e5 32. Ra8 a5 33. Kh3 Ra3 34. Re8 f6 35. Re7+ Kg6 36. Kg3 a4 37. Kh3 Rb3 38. Ra7 a3 39. Ra4 Kf5 40. Kg3 Rc3 41. Kh3 Kg6 42. Ra5 e4 43. Kg3 e3 44. f4 e2+ 45. Kf2 Re3 46. Ke1 f5 47. Ra7 Kf6 48. Ra6+ Ke7 49. Rh6 Kd7 50. Rf6 Kc7 51. Rxf5 Kb6 52. Rf6+ Kb5 53. Rf8 Kb4 54. Ra8 Kb3 55. f5 a2 56. f6 Re6 57. f7 Rf6 58. Rb8+ Kc3 59. Ra8 Kb2 60. Rb8+ Kc3 61. Ra8 Kb3 62. Rb8+ Kc3 63. Ra8 1/2-1/2

[Event "Bangkok Asian Games qual"]
[Site "Bangkok"]
[Date "2022.01.06"]
[Round "4"]
[White "Buakird, Apichit"]
[Black "Wongsawan, Thoetsak"]
[Result "1-0"]
[WhiteElo "1983"]
[BlackElo "1789"]
[PlyCount "97"]
[EventDate "2022.01.04"]
[EventType "tourn"]
[EventRounds "9"]
[EventCountry "THA"]
[SourceTitle "EXT 2023"]
[Source "ChessBase"]
[SourceDate "2022.10.05"]
[SourceVersion "1"]
[SourceVersionDate "2022.10.05"]
[SourceQuality "1"]

1. e4 c5 2. c4 Nc6 3. Nf3 g6 4. d4 cxd4 5. Nxd4 Bg7 6. Be3 d6 7. Nc3 Nf6 8. Be2 0-0 9. f3 Bd7 10. Qd2 Nxd4 11. Bxd4 a5 12. 0-0 Bc6 13. Rac1 Nd7 14. Be3 a4 15. Nd5 Nc5 16. Rfd1 Re8 17. Rc2 Rf8 18. Qb4 Nd7 19. Nb6 Nxb6 20. Bxb6 Qc8 21. c5 Be5 22. cxd6 Bxd6 23. Rxd6 exd6 24. Qxd6 Qe6 25. Qxe6 fxe6 26. Bc4 Kf7 27. Rd2 Rac8 28. Rd6 Rfe8 29. b3 axb3 30. axb3 Ra8 31. Kf2 Ra2+ 32. Kg3 Rc2 33. h4 h5 34. e5 Re7 35. Bd8 Re8 36. Rd4 b5 37. Bd3 Rc3 38. b4 Bd5 39. Bg5 Kg7 40. Bxb5 Ra8 41. Rf4 Rf8 42. Bh6+ Kxh6 43. Rxf8 Rb3 44. Rf6 Re3 45. Be8 Rxe5 46. Rxg6+ Kh7 47. Rg5 Re1 48. Bxh5 Rc1 49. Bg6+ 1-0

[Event "THA-chT Rapid"]
[Site "Bangkok"]
[Date "2021.12.13"]
[Round "2.1"]
[White "Lalith, Babu MR"]
[Black "Buakird, Apichit"]
[Result "1-0"]
[WhiteElo "2557"]
[BlackElo "1765"]
[PlyCount "83"]
[EventDate "2021.12.13"]
[EventType "team-swiss (rapid)"]
[EventRounds "9"]
[EventCountry "THA"]
[SourceTitle "CBM 205 Extra"]
[Source "ChessBase"]
[SourceDate "2022.01.31"]
[SourceVersion "1"]
[SourceVersionDate "2022.01.31"]
[SourceQuality "1"]
[WhiteTeam "SJBVS"]
[BlackTeam "PingPong"]
[WhiteTeamCountry "THA"]
[BlackTeamCountry "THA"]

1. Nf3 Nf6 2. c4 c5 3. Nc3 Nc6 4. g3 g6 5. d4 cxd4 6. Nxd4 Bg7 7. Bg2 0-0 8. 0-0 Nxd4 9. Qxd4 d6 10. Qd3 Rb8 11. Bd2 Nd7 12. b3 Nc5 13. Qc2 Bd7 14. Rac1 Bc6 15. e4 a5 16. Be3 b6 17. Rcd1 Qc8 18. Nd5 Re8 19. Bg5 Bxd5 20. Rxd5 Ne6 21. Be3 b5 22. Rc1 bxc4 23. Qxc4 Qxc4 24. Rxc4 Ra8 25. Bb6 Rac8 26. Bf1 Rxc4 27. Bxc4 a4 28. bxa4 Rc8 29. Bb3 Nc5 30. a5 Na6 31. Ba4 Kf8 32. Rd2 Bc3 33. Rc2 Nb4 34. Re2 e5 35. a3 Nc6 36. Bxc6 Rxc6 37. Rc2 Ke7 38. Be3 Kd7 39. a6 Bd4 40. Rxc6 Kxc6 41. Bxd4 exd4 42. Kf1 1-0